| 000 | 01207nam a22004217a 4500 | ||
|---|---|---|---|
| 001 | 18354469 | ||
| 003 | OSt | ||
| 005 | 20210426083519.0 | ||
| 008 | 141030t20142012nyua b 001 0 eng | ||
| 010 | _a 2013497354 | ||
| 020 | _a9781612194196 (softcover) | ||
| 020 | _a9781933633862 | ||
| 040 |
_aDLC _beng _cDLC _erda _dDLC |
||
| 041 | _aeng | ||
| 042 | _apcc | ||
| 050 | 0 | 0 |
_aHG3701 _b.G73 2014 |
| 080 |
_a94 _bG-71 |
||
| 082 | 0 | 0 |
_a332 _223 |
| 100 | 1 | _aGraeber, David. | |
| 245 | 1 | 0 |
_aDebt : _bthe first 5,000 years / _c/ by: Melville House |
| 250 | _aUpdated and expanded edition. | ||
| 264 | 1 |
_aBrooklyn : _bMelville House _c[2014] |
|
| 264 | 4 | _c©2012 | |
| 300 |
_a542 p. _c22 cm |
||
| 336 |
_atext _2rdacontent |
||
| 337 |
_aunmediated _2rdamedia |
||
| 338 |
_avolume _2rdacarrier |
||
| 365 | _b22 usd | ||
| 504 | _aIncludes bibliographical references (pages 463-500) and index. | ||
| 650 | 0 |
_aDebt _xHistory. |
|
| 650 | 0 |
_aHistory _9252 |
|
| 650 | 0 |
_aMoney _xHistory. |
|
| 650 | 0 |
_aFinancial crises _xHistory. |
|
| 653 | _aისტორია | ||
| 906 |
_a7 _bcbc _corignew _d2 _encip _f20 _gy-gencatlg |
||
| 942 |
_2udc _cBK |
||
| 999 |
_c1333 _d1333 |
||